Evaluación social de proyectos

Zapisane w:
Opis bibliograficzny
1. autor: Fontaine, Ernesto R (Autor)
Format: Książka
Język:hiszpański
Wydane: Santiago Universidad Católica de Chile 1991
Wydanie:7a. ed
Hasła przedmiotowe:
Etykiety: Dodaj etykietę
Nie ma etykietki, Dołącz pierwszą etykiete!

MARC

LEADER 00000nam a2200000 a 4500
001 UCW2159
003 CL-VaPUC
008 920430e19910000CL |||||||||||||||||spa|d
082 0 4 |a 338.9  |b FON  |2 21 
100 0 |a Fontaine, Ernesto R  |e author  |9 306112 
245 1 0 |a Evaluación social de proyectos 
250 |a 7a. ed 
300 |a 403 p 
942 |c BK 
945 |d 19920430 00:00:00 
260 |a Santiago  |b Universidad Católica de Chile  |c 1991 
650 7 |a PROYECTOS DE DESARROLLO ECONOMICO EVALUACION  |2 CL-VaPUC  |9 261908 
650 7 |a EVALUACION DE PROYECTOS ASPECTOS SOCIALES  |2 CL-VaPUC  |9 271844 
583 |a last modification  |c 19920430 00:00:00  |k Rodrigo Vera 
999 |c 216772  |d 216770 
952 |0 0  |1 0  |4 0  |6 338_900000000000000_FON_1991  |7 0  |8 A  |9 202956  |a BIBMEC  |b BIBMEC  |d 2019-11-14  |i 2702355  |o 338.9 FON 1991  |p 2702355  |r 2019-11-14  |w 2019-11-14  |y BK  |k MEC